000 01082 a2200217 4500
001 48779
005 20260407155753.0
008 260407a1995 arg spa d
003 AR-UNSa-BCEJYS
040 _aAR-UNSa-BCEJYS
_bspa
_cAR-UNSa-BCEJYS
080 _a321.64
_xRegímenes autoritarios modernos basados en movimientos políticos y nacionalistas. Dictadura de un partido o grupo. Totalitarismo. Dictadura militar
245 1 0 _aGolpes militares y salidas electorales
020 _a950-07-0151-0
250 _a2a.ed.
264 1 _aBuenos Aires :
_bSudamericana
_c1995
300 _a175 p.
_c20 cm.
505 _a1. 1930: El golpe militar - 2. 1931: La salida electoral - 3. 1943: El golpe militar - 4. 1946: La salida electoral - 5. 1955: El golpe militar - 6. 1958: La salida electoral - 7. 1962: El golpe militar - 8. 1963: La salida electoral - 9. 1966: El golpe militar - 10. La salida electoral - 11. 1976: El golpe militar - 12. La debilidad política de los gobiernos militares.
942 _cBK
590 _aniveau_biblio:m niveau_hierar:0
100 1 _aLuna, Félix
999 _c4716
_d4716